| 000 | 00745nam a2200193 a 4500 | ||
|---|---|---|---|
| 001 | 54614 | ||
| 005 | 20180714045536.0 | ||
| 008 | 140415s2009 sp 000 0 spa d | ||
| 020 | _a9788422014034 | ||
| 041 | _aspa | ||
| 082 |
_a110 _bVAL |
||
| 100 | 1 | _aVALVERDE MUCIENTES, CARLOS | |
| 245 | 1 | 0 | _aPRELECCIONES DE METAFISICA FUNDAMENTAL |
| 250 | _a1a ed. | ||
| 260 |
_aESPAÑA : _bEUNSA, _c2009 |
||
| 300 |
_a1079 _c13.5 x 6 x 20 |
||
| 520 | _aESTA OBRA OFRECE UN PANORAMA COMPLETO DE LOS PROBLEMAS FUNDAMENTALES DE LA METAFISICA, BIEN PRESENTADO, ORDENADO Y ESTRUCTURADO, CONCEDIENDO A CADA TEMA SU PROPIA CATEGORIA DENTRO DE LA ESCALA DE IMPORTANCIA QUE HOY DIA LE CORRESPONDE | ||
| 650 | 1 | 4 |
_aFILOSOFIA MODERNA _xMETAFISICA |
| 999 |
_c54614 _d54614 |
||